000 00978nam a2200253 i 4500
001 169038
003 ES-MaACL
005 20250812062531.0
008 080804s1952 sp f |||| | spa d
080 _a291.7(469)
100 1 _aBotelho, Alfonso.
_9138133
245 1 3 _aEl integralismo portugués /
_cAlfonso Botelho ; [la traducción al castellano es versión oficial de la Escuela Central de Idiomas].
260 _aMadrid :
_bAteneo,
_c1952.
300 _a50 p. :
_b1 lám. ;
_c19 cm.
490 1 _aColección "O crece o muere" ;
_v41
594 _aEl original fue dado a conocer por su autor en el Ateneo de Madrid, el día 1 de mayo de 1952.
610 2 4 _aAteneo de Madrid-
_vConferencias-
_y1940-1982.
_91908
650 4 _aNacionalismo-
_zPortugal.
_915463
651 4 _aPortugal-
_xPolítica y gobierno.
_9161808
830 1 0 _aColección "O crece o muere"
_v41
_9183476
852 4 _aES-MaACL
_jJ-24 (41)
852 4 _aES-MaACL
_jJ-25 (41)
999 _c169038
_d169038